01410cam a2200277 a 4500008004100000020002200041049000900063090001100072245045400083260009100537300003200628440003800660504004100698650003200739700001700771700002200788710004900810710003700859907003500896003000100931005001700932040000900949942001800958999001900976952013700995  a0891180656 (pbk.) aMAIN aS592.500aChemistry in the soil environment :bproceedings of a symposium sponsored by Division S-2 of the American Society of Agronomy and the Soil Science Society of America : papers were presented during the annual meetings in Fort Collins, Colorado, August 5-10, 1979 /corganizing committee, D.E. Baker ; editorial committee, R.H. Dowdy ... [et al.] ; editor-in-chief, Matthias Stelly ; managing editor, David M. Kral ; assistant editor, Mary Kay Cousin. aMadison, Wis. :bAmerican Society of Agronomy, Soil Science Society of America,c1981. av, 259 p. :bill. ;c23 cm. 0aASA special publication ;vno. 40 aIncludes bibliographical references. 0aSoil chemistryvCongresses.1 aDowdy, R. H.1 aStelly, Matthias.2 aAmerican Society of Agronomy.bDivision S-2.2 aSoil Science Society of America. a.b10025935b05-07-05c17-04-0320230123133144.0 cNUST cBOOKSkS592.5 c143682d143682 r2023-01-23 00:00:00l8oS592.5 CHEp92003015402v80.00w2023-01-23yBOOKS102LCC40708NFIC00aMAINbMAINcGENd2023-01-23g80.00